109_ Personnalités nées un 19 avril par images - Statistiques

Statistiques générales
  • Ce quiz a été pris 53 fois
  • Le résultat moyen est 4 sur 9
Statistiques - réponses
Par images Hint Réponse % Correct
Rappeur Oli
94%
Humoriste Gad Elmaleh
90%
Handballeur Luka Karabatic
67%
Tenniswoman Maria Sharapova
39%
Dirigeant Politique Ali Khamenei
37%
Rappeur Lacrim
31%
Sculpteur Ferdinand Cheval
27%
Acteur Hayden Christensen
12%
Chanteur Luis Miguel
0%
Aucun quiz correspondant
Distribution des résultats
% des personnes avec chaque résultat
Percentile par nombre de réponses
Votre historique - résultats
Vous n’avez pas pris ce quiz